Test excavations at Amistad International Reservoir, fall, 1967 /

Bibliographic Details
Main Author: Collins, Michael B.
Format: Book
Language:English
Published: Austin : [Available for purchase through the Texas Memorial Museum, University of Texas], 1969.
Series:Papers of the Texas Archeological Salvage Project ; no. 16.
Subjects:

MARC

Tag First Indicator Second Indicator Subfields
LEADER 00000cam a2200000 4500
001 in00000242580
005 20151010050957.0
008 701124s1969 txua b n00010 eng
010 |a  79015202  
035 |a (OCoLC)00107760 
035 |9 ABB3428AM 
037 |c 3.00 
040 |a DLC  |c DLC  |d TXA  |d UtOrBLW 
043 |a n-us-tx 
049 |a TXAM  |c 1 [434674]  |c 2 [1016880]  |c 3 [1016881] 
050 0 0 |a E78.T4  |b T44 no. 16 
082 0 |a 917.64/88 
100 1 |a Collins, Michael B. 
245 1 0 |a Test excavations at Amistad International Reservoir, fall, 1967 /  |c [by] Michael B. Collins. 
264 1 |a Austin :  |b [Available for purchase through the Texas Memorial Museum, University of Texas],  |c 1969. 
300 |a viii, 103 pages :  |b illustrations ;  |c 28 cm. 
336 |a text  |b txt  |2 rdacontent 
337 |a unmediated  |b n  |2 rdamedia 
338 |a volume  |b nc  |2 rdacarrier 
490 1 |a Papers of the Texas Archeological Salvage Project ;  |v no. 16 
504 |a Bibliography: pages 102-103. 
650 0 |a Indians of North America  |z Texas  |x Antiquities. 
651 0 |a Amistad Reservoir Region (Tex. and Mexico)  |x Antiquities. 
651 0 |a Texas  |x Antiquities. 
830 0 |a Papers of the Texas Archeological Salvage Project ;  |v no. 16. 
999 |a MARS 
999 f f |s b616a332-a3df-3797-aa15-ba98fe8e88fc  |i 53739d0e-0c24-38b8-8c90-fc8942f00d91  |t 0 
952 f f |p ric  |a Texas A&M University  |b Rellis Campus  |c Joint Library Facility  |d Remote Storage  |t 0  |e E78.T4 T44 no. 16  |h Library of Congress classification  |i unmediated -- volume  |m A14802131032 
998 f f |a E78.T4 T44 no. 16  |t 0  |l Remote Storage